Effectiffs Angleterre Euro 2024 - Statistiques

Statistiques générales
  • Ce quiz a été pris 123 fois
  • Le résultat moyen est 17 sur 26
Statistiques - réponses
Poste Numéro Club Joueur % Correct
Gardien 1 FC Everton Jordan Pickford
92%
Attaquant 9 Bayern Munich Harry Kane
88%
Milieu 10 Real Madrid Jude Bellingham
88%
Défenseur 5 Manchester City John Stones
87%
Attaquant 7 FC Arsenal Bukayo Saka
85%
Défenseur 2 Manchester City Kyle Walker
85%
Gardien 13 FC Arsenal Aaron Ramsdale
83%
Milieu 4 FC Arsenal Declan Rice
81%
Attaquant 11 Manchester City Phil Foden
79%
Défenseur 8 FC Liverpool Trent Alexander Arnold
74%
Milieu 24 FC Chelsea Cole Palmer
69%
Attaquant 19 Aston Villa Ollie Watkins
67%
Milieu 26 Manchester United Kobbie Mainoo
64%
Milieu 16 FC Chelsea Conor Gallagher
63%
Défenseur 3 Manchester United Luke Shaw
63%
Défenseur 6 Crystal Palace Marc Guéhi
63%
Attaquant 17 FC Brentford Ivan Toney
60%
Attaquant 18 Newcastle United Anthony Gordon
58%
Milieu 21 Crystal Palace Eberechi Eze
57%
Attaquant 20 West Ham Jarrod Bowen
57%
Défenseur 22 FC Liverpool Joe Gomez
57%
Défenseur 14 Aston Villa Ezri Konsa
48%
Défenseur 15 Brighton Lewis Dunk
40%
Gardien 23 Crystal Palace Dean Henderson
37%
Milieu 25 Crystal Palace Adam Wharton
22%
Défenseur 12 Newcastle United Kieran Trieppier
5%
Aucun quiz correspondant
Distribution des résultats
% des personnes avec chaque résultat
Percentile par nombre de réponses
Votre historique - résultats
Vous n’avez pas pris ce quiz